| 000 | 00737nam a22002297a 4500 | ||
|---|---|---|---|
| 003 | LK-CoMWRAF | ||
| 005 | 20240118154627.0 | ||
| 008 | 240118b2001 |||||||| |||| 00| 0 eng d | ||
| 020 | _a 9555820864 | ||
| 040 |
_aLK-CoMWRAF _dLK-CoMWRAF _eLK-CoMWRAF |
||
| 041 | _aeng | ||
| 082 |
_a305.8 _bBAS |
||
| 100 | _aBastian, Rohan | ||
| 130 | _aA history of ethnic conflict in Sri Lanka: recollection, reinterpretation & reconciliation | ||
| 245 | _a Globalisation and conflict | ||
| 260 |
_aColombo: _bMarga Institute, _c2001 |
||
| 300 |
_a 37 p. ; 23 cm. _bBibliography included |
||
| 490 |
_aMarga monograph series on ethnic reconciliation _vno. 23 |
||
| 650 | _aEthnic conflict -Sri Lanka | ||
| 650 | _aGlobalization | ||
| 942 | _cBK | ||
| 999 |
_c4653 _d4653 |
||